[Event "Olympiad-44"]
[Site "Chennai"]
[Date "2022.07.29"]
[Round "1.3"]
[White "Tracey, Shaun M"]
[Black "Amdouni, Zoubaier"]
[Result "0-1"]
[WhiteElo "1650"]
[BlackElo "2224"]
[PlyCount "114"]
[EventDate "2022.07.29"]
[EventType "team-swiss"]
[EventRounds "11"]
[EventCountry "IND"]
[SourceTitle "CBM 210"]
[Source "ChessBase"]
[SourceDate "2022.10.31"]
[SourceVersion "1"]
[SourceVersionDate "2022.10.31"]
[SourceQuality "1"]
[WhiteTeam "Cayman Islands"]
[BlackTeam "Tunisia"]
[WhiteTeamCountry "CAY"]
[BlackTeamCountry "TUN"]

1. e4 e5 2. Nf3 Nc6 3. Bc4 Bc5 4. c3 d6 5. b4 Bb6 6. Qb3 Qe7 7. a4 a6 8. d3 Nf6 9. Bg5 h6 10. Bc1 a5 11. b5 Nb8 12. Nbd2 Nbd7 13. Nf1 Nc5 14. Qc2 Be6 15. Ne3 c6 16. Bxe6 Qxe6 17. Nf5 Kf8 18. Rb1 Ncd7 19. Ba3 Bc5 20. Bxc5 Nxc5 21. c4 g6 22. Ne3 Kg7 23. 0-0 Rhc8 24. bxc6 bxc6 25. Rb6 Na6 26. Rb2 Nb4 27. Qd2 Nd7 28. Nc2 c5 29. Na3 Nb6 30. Qd1 Rf8 31. Nb5 Rac8 32. Ne1 f5 33. f3 Rf6 34. Rbf2 Rcf8 35. exf5 gxf5 36. Re2 Qe7 37. Qb3 Re6 38. Nc2 Kh7 39. Rfe1 Qh4 40. Ne3 Rg6 41. Nf1 Rfg8 42. Rd1 Nc8 43. Qc3 Ne7 44. Rdd2 f4 45. Qb2 Nf5 46. Nc3 Nd4 47. Rf2 Qh5 48. Kh1 Nxf3 49. Rd1 Nh4 50. Rdd2 Nxg2 51. Rxg2 Qf3 52. Kg1 Nxd3 53. Qc2 Ne1 54. Rxg6 Rxg6+ 55. Qxg6+ Kxg6 56. Rxd6+ Kf7 57. Rd7+ Ke8 0-1

[Event "Online Olym Div4 E"]
[Site "Chess.com INT"]
[Date "2021.08.22"]
[Round "11.2"]
[White "Guillaume, Jude Mirvens"]
[Black "Tracey, Shaun M"]
[Result "0-1"]
[WhiteElo "2022"]
[BlackElo "1622"]
[PlyCount "90"]
[EventDate "2021.08.20"]
[EventType "team (rapid)"]
[EventRounds "11"]
[EventCountry "USA"]
[SourceTitle "CBM 203 Extra"]
[Source "ChessBase"]
[SourceDate "2021.09.30"]
[SourceVersion "1"]
[SourceVersionDate "2021.09.30"]
[SourceQuality "1"]
[WhiteTeam "Haiti"]
[BlackTeam "Cayman Islands"]
[WhiteTeamCountry "HAI"]
[BlackTeamCountry "CAY"]

1. d4 e6 2. Bf4 b6 3. e3 Bb7 4. Nf3 Nf6 5. Be2 Be7 6. c4 d6 7. Nc3 0-0 8. 0-0 Nh5 9. Bg3 Nxg3 10. hxg3 f5 11. Qb3 Kh8 12. Rfd1 Nc6 13. c5 d5 14. cxb6 axb6 15. a3 Na5 16. Qc2 Ba6 17. Bxa6 Rxa6 18. Rac1 Nc4 19. Nd2 Nxd2 20. Rxd2 c5 21. dxc5 bxc5 22. Ne2 Qa5 23. Rcd1 Rb6 24. Nf4 Rfb8 25. b4 cxb4 26. axb4 Qxb4 27. Qc7 Bd6 28. Qf7 Bxf4 29. gxf4 Qd6 30. Rc2 Rc6 31. Rdc1 Rxc2 32. Rxc2 Rf8 33. Qb7 Qb8 34. Qd7 Qb1+ 35. Kh2 Qxc2 36. Kg3 Qc8 37. Qe7 Qe8 38. Qc7 Qf7 39. Qe5 h6 40. Kh3 Qh5+ 41. Kg3 Rf6 42. f3 Rg6+ 43. Kf2 Qh1 44. g4 fxg4 45. f5 Qxf3+ 0-1

[Event "Online Olym Div4 E"]
[Site "Chess.com INT"]
[Date "2021.08.22"]
[Round "9.3"]
[White "Tracey, Shaun M"]
[Black "Zilleruelo Irizarry, Diego"]
[Result "0-1"]
[WhiteElo "1622"]
[BlackElo "2102"]
[PlyCount "104"]
[EventDate "2021.08.20"]
[EventType "team (rapid)"]
[EventRounds "11"]
[EventCountry "USA"]
[SourceTitle "CBM 203 Extra"]
[Source "ChessBase"]
[SourceDate "2021.09.30"]
[SourceVersion "1"]
[SourceVersionDate "2021.09.30"]
[SourceQuality "1"]
[WhiteTeam "Cayman Islands"]
[BlackTeam "Puerto Rico"]
[WhiteTeamCountry "CAY"]
[BlackTeamCountry "PUR"]

1. e4 c6 2. d4 d5 3. exd5 cxd5 4. Bd3 Nf6 5. Bf4 Nc6 6. c3 g6 7. Nd2 Bf5 8. Bxf5 gxf5 9. Qc2 e6 10. Ngf3 Rg8 11. g3 Ne4 12. Ne5 Nxe5 13. Bxe5 Rc8 14. Qa4+ Qd7 15. Qxd7+ Kxd7 16. f3 Nxd2 17. Kxd2 b5 18. b4 Bh6+ 19. Kd3 Rc6 20. a4 Rgc8 21. Ra3 bxa4 22. Bf6 Bf8 23. Re1 a5 24. Rb1 Rc4 25. Bg5 axb4 26. cxb4 Rxb4 27. Rxb4 Bxb4 28. Rxa4 Rc3+ 29. Ke2 Bd6 30. Ra7+ Rc7 31. Rxc7+ Bxc7 32. Bf6 Bd8 33. Bg7 f6 34. Kd3 Kd6 35. Bf8+ Be7 36. Bg7 e5 37. g4 fxg4 38. fxg4 e4+ 39. Ke3 Ke6 40. Bh6 Bd6 41. h3 f5 42. gxf5+ Kxf5 43. Ke2 Bf4 44. Bf8 Bg5 45. Bd6 Bf4 46. Bf8 Kg5 47. Be7+ Kh5 48. Bd8 Bg5 49. Bc7 Kh4 50. Be5 Kxh3 51. Bg7 Kg2 52. Be5 h5 0-1

[Event "Online Olym Div4 E"]
[Site "Chess.com INT"]
[Date "2021.08.21"]
[Round "6.3"]
[White "Boydia, Sidi"]
[Black "Tracey, Shaun M"]
[Result "1-0"]
[WhiteElo "2040"]
[BlackElo "1622"]
[PlyCount "141"]
[EventDate "2021.08.20"]
[EventType "team (rapid)"]
[EventRounds "11"]
[EventCountry "USA"]
[SourceTitle "CBM 203 Extra"]
[Source "ChessBase"]
[SourceDate "2021.09.30"]
[SourceVersion "1"]
[SourceVersionDate "2021.09.30"]
[SourceQuality "1"]
[WhiteTeam "Mauritania"]
[BlackTeam "Cayman Islands"]
[WhiteTeamCountry "MAU"]
[BlackTeamCountry "CAY"]

1. e4 d5 2. exd5 Qxd5 3. d4 e5 4. Nf3 Bg4 5. dxe5 Bxf3 6. Qxf3 Qxe5+ 7. Be2 Nc6 8. 0-0 0-0-0 9. c3 Bd6 10. g3 Nf6 11. Bc4 Qc5 12. Bxf7 Rhf8 13. Be6+ Kb8 14. Be3 Qe5 15. Bh3 Nd5 16. Qe2 Bc5 17. Re1 Nxe3 18. fxe3 Rde8 19. Nd2 Qxe3+ 20. Qxe3 Rxe3 21. Kh1 Rfe8 22. Rxe3 Rxe3 23. Bf1 a6 24. Rd1 Ne5 25. Nb3 Bd6 26. Kg1 Ng4 27. Bh3 Nf6 28. Nd4 Bc5 29. Kf2 Re8 30. Bf5 g6 31. Bh3 Ne4+ 32. Kg2 Ng5 33. Bg4 h5 34. Bf3 Bxd4 35. Rxd4 Nxf3 36. Kxf3 Kc8 37. Kf4 Re6 38. Kg5 a5 39. Rd2 b5 40. h4 c6 41. Rf2 Kd7 42. Rf6 Re3 43. Rxg6 Rxg3+ 44. Kxh5 Re3 45. Rg2 Rh3 46. Kg4 Rh1 47. Re2 Kd6 48. h5 b4 49. cxb4 axb4 50. a4 bxa3 51. bxa3 c5 52. Ra2 Kc6 53. a4 Kb6 54. a5+ Ka6 55. Kg5 c4 56. h6 c3 57. Kg6 c2 58. Rxc2 Kxa5 59. h7 Rg1+ 60. Kf7 Rh1 61. Kg7 Rg1+ 62. Kh8 Kb5 63. Rc8 Kb6 64. Rg8 Rd1 65. Rg6+ Kc7 66. Kg7 Rd7+ 67. Kh6 Rd8 68. Rg8 Rd6+ 69. Kg5 Rd5+ 70. Kf4 Rd4+ 71. Ke3 1-0

[Event "FIDE World Cup American Qual Gp4"]
[Site "Tornelo INT"]
[Date "2021.05.23"]
[Round "1.2"]
[White "Tracey, Shaun M"]
[Black "Vazquez, Guillermo"]
[Result "0-1"]
[WhiteElo "1627"]
[BlackElo "2527"]
[PlyCount "112"]
[EventDate "2021.05.22"]
[EventType "k.o. (rapid)"]
[EventRounds "4"]
[EventCountry "USA"]
[SourceTitle "CBM 202 Extra"]
[Source "ChessBase"]
[SourceDate "2021.07.31"]
[SourceVersion "1"]
[SourceVersionDate "2021.07.31"]
[SourceQuality "1"]

1. e4 c5 2. Nc3 e6 3. f4 d5 4. Nf3 dxe4 5. Nxe4 Nc6 6. g3 Be7 7. Bg2 Nf6 8. Nf2 0-0 9. 0-0 Qc7 10. Re1 b6 11. b3 Bb7 12. Bb2 Rad8 13. Nd3 c4 14. bxc4 Na5 15. Nfe5 Bxg2 16. Kxg2 Nxc4 17. Nxc4 Qxc4 18. Bc3 Ne4 19. Bb2 f5 20. Re2 Rc8 21. Ne1 Qc6 22. Kg1 Rfd8 23. d4 Bf6 24. Re3 g5 25. fxg5 Nxg5 26. Qh5 Qb5 27. Rb3 Qd7 28. Rd3 Qf7 29. Qxf7+ Kxf7 30. Rad1 h5 31. c3 b5 32. Ng2 Ne4 33. a3 a5 34. Nf4 h4 35. Ne2 b4 36. axb4 axb4 37. Rc1 Nc5 38. Rf3 Na4 39. Rc2 Bxd4+ 40. Nxd4 Rxd4 41. gxh4 Rxh4 42. Rg2 Nxb2 43. Rxb2 bxc3 44. Rc2 Rhc4 45. Kf2 Kf6 46. Ke3 e5 47. Rh3 Re4+ 48. Kf2 Rec4 49. Ke3 Ke6 50. Rh6+ Kd5 51. Rh7 Re4+ 52. Kf3 Kc4 53. Rf7 Rf4+ 54. Ke3 Kb3 55. Rg2 c2 56. Rb7+ Rb4 0-1

[Event "Online Olym Base C"]
[Site "Chess.com INT"]
[Date "2020.07.27"]
[Round "7.2"]
[White "Bailey, Matthew"]
[Black "Tracey, Shaun M"]
[Result "1-0"]
[WhiteElo "1049"]
[BlackElo "1627"]
[PlyCount "99"]
[EventDate "2020.07.25"]
[EventType "team-tourn (rapid)"]
[EventRounds "9"]
[EventCountry "USA"]
[SourceTitle "CBM 198"]
[Source "ChessBase"]
[SourceDate "2020.10.31"]
[SourceVersion "1"]
[SourceVersionDate "2020.10.31"]
[SourceQuality "1"]
[WhiteTeam "Antigua Barbuda"]
[BlackTeam "Cayman Islands"]
[WhiteTeamCountry "ANT"]
[BlackTeamCountry "CAY"]

1. d4 e6 2. c4 f5 3. Nc3 Nf6 4. Nf3 d6 5. g3 Be7 6. Bg2 c6 7. 0-0 0-0 8. Bg5 Qe8 9. Qc2 h6 10. Bd2 d5 11. Ne5 Nbd7 12. f4 Ne4 13. Nxe4 fxe4 14. Bh3 Nxe5 15. fxe5 Qh5 16. Rxf8+ Bxf8 17. Bf1 Bd7 18. e3 Be7 19. Qd1 Qg6 20. Qe2 Rf8 21. Bg2 Rf5 22. Rf1 Rg5 23. c5 h5 24. Rf4 Qh6 25. Bh3 h4 26. g4 Be8 27. Kh1 Rg6 28. Qf2 Qg5 29. Be1 Rh6 30. b4 Kh7 31. a4 a6 32. a5 Bg6 33. Bd2 Kg8 34. Bf1 Rh8 35. h3 Kh7 36. Be2 Rd8 37. Qf1 Kg8 38. Bxa6 bxa6 39. Qxa6 Be8 40. Qb6 Bf8 41. a6 Ra8 42. b5 Qd8 43. Qxd8 Rxd8 44. b6 Bd7 45. b7 Rb8 46. a7 Rxb7 47. a8Q Rb1+ 48. Kg2 Rb2 49. Qxf8+ Kh7 50. Rf2 1-0

[Event "Online Olym Base C"]
[Site "Chess.com INT"]
[Date "2020.07.25"]
[Round "1.2"]
[White "Tracey, Shaun M"]
[Black "Ortega Amarelle, Mariano"]
[Result "0-1"]
[WhiteElo "1627"]
[BlackElo "2458"]
[PlyCount "90"]
[EventDate "2020.07.25"]
[EventType "team-tourn (rapid)"]
[EventRounds "9"]
[EventCountry "USA"]
[SourceTitle "CBM 198"]
[Source "ChessBase"]
[SourceDate "2020.10.31"]
[SourceVersion "1"]
[SourceVersionDate "2020.10.31"]
[SourceQuality "1"]
[WhiteTeam "Cayman Islands"]
[BlackTeam "Kap Verde"]
[WhiteTeamCountry "CAY"]
[BlackTeamCountry "KAP"]

1. e4 c5 2. Nc3 e6 3. f4 a6 4. g3 b5 5. Bg2 Bb7 6. d3 d5 7. Qe2 Be7 8. Nf3 Nf6 9. e5 Nfd7 10. a3 g6 11. 0-0 h5 12. d4 b4 13. axb4 cxb4 14. Nd1 a5 15. Re1 Ba6 16. Qf2 Nc6 17. c3 Nb6 18. Ne3 a4 19. Bf1 Qc8 20. Bd2 b3 21. Bc1 Na5 22. Nd2 Kd7 23. Qg2 Bxf1 24. Qxf1 Nac4 25. Qf2 Nxe3 26. Qxe3 Nc4 27. Qe2 Nxd2 28. Qxd2 Qc4 29. Qe2 Rhb8 30. Kf2 Rc8 31. Kf3 a3 32. Kf2 axb2 33. Bxb2 Ra2 34. Reb1 Qxe2+ 35. Kxe2 Ba3 36. Rxa2 bxa2 37. Ra1 Bxb2 38. Rxa2 Bxc3 39. Ra7+ Rc7 40. Ra4 Bb2 41. Kd2 Rc4 42. Ra7+ Ke8 43. Ra8+ Ke7 44. Ra7+ Kf8 45. Ra8+ Kg7 0-1